Ricordati Signore dei nostri padri. (Record n. 37250)
[ formato base ]
| 000 -LEADER | |
|---|---|
| fixed length control field | 00885nam a2200217Ia 4500 |
| 003 - CONTROL NUMBER IDENTIFIER | |
| control field | IT-RoPAU |
| 005 - DATE AND TIME OF LATEST TRANSACTION | |
| control field | 20220918175932.0 |
| 008 - FIXED-LENGTH DATA ELEMENTS--GENERAL INFORMATION | |
| fixed length control field | 120407s9999 xx 000 0 und d |
| 040 ## - CATALOGING SOURCE | |
| Original cataloging agency | IT-RoPAU |
| Transcribing agency | 20131203164219.0 |
| 040 ## - CATALOGING SOURCE | |
| Transcribing agency | IT-RoPAU |
| 041 ## - LANGUAGE CODE | |
| Language code of text/sound track or separate title | ita |
| 100 ## - MAIN ENTRY--PERSONAL NAME | |
| Personal name | Lamera Stefano Atanasio |
| 9 (RLIN) | 5048 |
| 245 ## - TITLE STATEMENT | |
| Title | Ricordati Signore dei nostri padri. |
| Remainder of title | Lettura spirituale della genealogia carismatica e dei modelli di vita della Famiglia Paolina. |
| 250 ## - EDITION STATEMENT | |
| Edition statement | I |
| 260 ## - PUBLICATION, DISTRIBUTION, ETC. (IMPRINT) | |
| Place of publication, distribution, etc. | S.l. |
| Name of publisher, distributor, etc. | EP |
| Date of publication, distribution, etc. | S.d. |
| 300 ## - PHYSICAL DESCRIPTION | |
| Extent | 93 p. |
| Dimensions | 20 cm |
| 300 ## - PHYSICAL DESCRIPTION | |
| Other physical details | ill. |
| 520 ## - SUMMARY, ETC. | |
| Summary, etc. | Indice<br/><br/>Introduzione<br/>Don Giacomo Alberione - Cenni biografici<br/>Beato Giaccardo - Cenni biografici<br/>Can. Francesco Chiesa - Cenni biografici<br/>Maggiorino Vigolungo - Cenni biografici<br/>Fratel Andrea Borello - Cenni biografici<br/>Suor Tecla Merlo - Cenni biografici<br/>"Io sono con voi" - Conclusione |
| 942 ## - ADDED ENTRY ELEMENTS (KOHA) | |
| Koha item type | LIBRO |
| Source of classification or shelving scheme | Dewey Decimal Classification |
| Withdrawn status | Lost status | Source of classification or shelving scheme | Damaged status | Not for loan | Home library | Current library | Date acquired | Total Checkouts | Full call number | Date last seen | Price effective from | Koha item type | Public note |
|---|---|---|---|---|---|---|---|---|---|---|---|---|---|
| Dewey Decimal Classification | Buone Condizioni | Not For Loan | PAULUS-BIBLIOTECA | PAULUS-BIBLIOTECA | 11/04/2012 | P B2 | 11/04/2012 | 11/04/2012 | LIBRO | ||||
| Dewey Decimal Classification | Buone Condizioni | Not For Loan | PAULUS-BIBLIOTECA | PAULUS-BIBLIOTECA | 11/04/2012 | P B2 | 11/04/2012 | 11/04/2012 | LIBRO | Inserito da: Sergio In data: 27 settembre 2011 fondo: Via A.Severo 56 Progr:31028 |